00697nam a2200181Ia 4500008004100000100002700041245010600068245008300174260003900257260000900296300002900305440004300334650002400377650002700401650001500428650003800443856003400481190511s9999 xx 000 0 und d aAslinger, Elizabeth N. aNarcissist or narcissistic? Evaluation of the latent structure of narcissistic personality disorder / cElizabeth N. Aslinger, Stephen B. Manuck, Paul A. Pilkonis,Leonard J. Simms.-- bAmerican Psychological Association c2018 aPages 496-502, July 2018 aJournal of Abnormal Psychologyv127(5) aConfirmatory factor aLatent variable models aNarcissism aNarcissistic personality disorder uwww.apa.org/pubs/journals/abn